| 000 | 00387nam a22001457a 4500 | ||
|---|---|---|---|
| 082 |
_a363.7392 _bAIR _cd |
||
| 100 |
_aWorld bank _919601 |
||
| 245 |
_aAir pollution and mortality _cWorld bank |
||
| 260 |
_aSantiago, chile _bWorld bank _c1995 |
||
| 300 | _a35 p.: | ||
| 526 |
_a0 _b0 _c0 _d363_739200000000000_AIR |
||
| 650 |
_aNUST _96342 |
||
| 700 |
_aWorld bank _919601 |
||
| 942 |
_2ddc _cBK |
||
| 999 |
_c542876 _d542876 |
||